吉林人口最多的20个县级行政区 20 most populous county-level regions in Jilin - Statistics

General Stats
  • This quiz has been taken 33 times
  • The average score is 15 of 20
Answer Stats
人口 地市 县区 % Correct
69 延边朝鲜族自治州 延吉市
93%
103 长春市 绿园区
89%
86 长春市 公主岭市
89%
115 长春市 宽城区
85%
96 长春市 朝阳区
85%
64 长春市 九台区
85%
84 长春市 榆树市
81%
72 长春市 二道区
81%
69 长春市 德惠市
81%
87 长春市 农安县
78%
85 长春市 南关区
78%
51 通化市 梅河口市
78%
54 四平市 梨树县
74%
48 松原市 扶余市
74%
47 白城市 洮北区
70%
64 吉林市 昌邑区
67%
71 松原市 宁江区
63%
42 吉林市 丰满区
63%
46 吉林市 船营区
59%
45 松原市 长岭县
44%
No matching quizzes found
Score Distribution
Percent of People with Each Score
Percentile by Number Answered
Your Score History
You have not taken this quiz